00613nam a2200193Ia 4500008004100000020000700041082001700048100002400065245004200089250000800131260003600139300002500175500001900200600002700219650001500246942000700261952013600268999001500404240925s9999 xx 000 0 und d aNA a621.3815 HOR aHorenstein, Mark .N 0aMicroelectronic Circuits and Devices  a2nd aLondon:bPrentice, Hallc,1997. a1126p.bNAfOriginal aIncludes Index aElectronic Engineering aTechnology cBK 011440708ELaUITUbUITUd1997-06-25eParamount Book Pvt Ltdg643.00l0o621.3815 HORpQ1066r2024-09-25 07:12:18w2024-09-25yBK c3565d3565